Saltar al contenido
Inicio
Centros participantes
Catálogo
Servicios
Contacto
כניסה לחשבון
English
Deutsch
Español
Français
Italiano
日本語
Nederlands
Português
Português (Brasil)
中文(简体)
中文(繁體)
Türkçe
עברית
Gaeilge
Cymraeg
Ελληνικά
Català
Euskara
Русский
Čeština
Suomi
Svenska
polski
Dansk
slovenščina
اللغة العربية
বাংলা
Galego
Tiếng Việt
Hrvatski
हिंदी
Հայերէն
Українська
Sámegiella
שפה
כל השדות
כותר
מחבר
נושא
סימן המיקום
ISBN/ISSN
תג
מצא
מתקדם
Tecnología y censos agropecuar...
יצירת מראה מקום
שלח את זה
הדפסה
יצוא רשומה
יצוא אל RefWorks
יצוא אל EndNoteWeb
יצוא אל EndNote
הוספה למועדפים
Enlace Permanente
Agregar primera valuación
Tecnología y censos agropecuarios en la década de 1980 /
שמור ב:
מידע ביבליוגרפי
מחבר ראשי:
Barboza V, Carlos
מחברים אחרים:
León S, Carlos
פורמט:
Texto
יצא לאור:
San José:
ADEC
תגים:
הוספת תג
אין תגיות, היה/י הראשונ/ה לתייג את הרשומה!
מלאי ספרים
תיאור
הערות
פריטים דומים
תצוגת צוות
MARC
LEADER
00000 a a2200000 04500
001
15129
003
040
|a
CRAI/IIS
|c
CRAI/IIS
090
|a
022600
100
|a
Barboza V, Carlos
245
|a
Tecnología y censos agropecuarios en la década de 1980 /
|c
Carlos Barboza V.
260
|a
San José:
|b
ADEC
300
|a
10 p.
700
|a
León S, Carlos
999
|c
6407
|d
6407
פריטים דומים
Contenido mínimo del censo agropecuario de 1983 de acuerdo con los requerimientos de la planificación /
מאת: Pacheco, José Joaquín
Recomendaciones del CELADE para la investigación de las características demográficas en el censo nacional de Costa Rica de 1983
La medición del ingreso familiar a través de los censos nacionales para el análisis del grado de satisfacción de las necesidades básicas
מאת: Trejos Solórzano, Juan Diego
Sugerencias del proyecto de empleo rural, estado y políticas públicas en Centroamérica /
Necesidades y alcances del proceso censal en vivienda y asentamientos humanos para 1983 /
מאת: Valverde Rojas, José Manuel